CLEFT PALATE & CRANIOFACIAL ANOMALIES WITH CD (Record no. 707816)

MARC details
000 -LEADER
fixed length control field 00405nam a2200157Ia 4500
008 - FIXED-LENGTH DATA ELEMENTS--GENERAL INFORMATION
fixed length control field 230721s2008 xx 000 0 und d
020 ## - INTERNATIONAL STANDARD BOOK NUMBER
International Standard Book Number 9781418015473
041 ## - LANGUAGE CODE
Language code of text/sound track or separate title eng
082 ## - DEWEY DECIMAL CLASSIFICATION NUMBER
Classification number 617.522059,KUM
100 ## - MAIN ENTRY--PERSONAL NAME
Personal name KUMMER.
245 ## - TITLE STATEMENT
Title CLEFT PALATE & CRANIOFACIAL ANOMALIES WITH CD
250 ## - EDITION STATEMENT
Edition statement 2ND
260 ## - PUBLICATION, DISTRIBUTION, ETC.
Name of publisher, distributor, etc. 22552THOMSON DELMAR LEARNING NEW
Date of publication, distribution, etc. 2008
300 ## - PHYSICAL DESCRIPTION
Extent 678
650 ## - SUBJECT ADDED ENTRY--TOPICAL TERM
Topical term or geographic name entry element Oral Surgery
Holdings
Withdrawn status Lost status Damaged status Not for loan Home library Current library Date acquired Source of acquisition Cost, normal purchase price Total Checkouts Full call number Barcode Date last seen Price effective from Koha item type
        Dental College & Hospital, Sangli Dental College & Hospital, Sangli 16/10/2019 BHARATI SAHAKARI GRAHAK BHANDER PUNE 13724.25   617.522059,KUM DCS-BVDS-4880 21/07/2023 21/07/2023 Book